00449 2200169 4500245007800000020001600078250001100094100001800105700002300123650001800146005001900164260004300183041001400226084001100240300001900251336000900270 aBecoming Radio Star b : Kiat Menjadi Penyiar RadiocAwan SetiawanhText a979378241-2 aCet. 2 aAwan Setiawan aNunik Siti Nurbaya aPenyiar Radio a20230327131834 aBandungbSimbiosa Rekatama Mediac2013 aIndonesia a384.54 avi. 174 hlm. : atext